Sports Quiz

Random Sports or Football Quiz

Football (soccer) nicknames Quiz Stats

 Plays Quiz not verified by Sporcle

Challenge
Share
Tweet
Embed
Score 0/20 Timer 05:00
0 Plays Today
Player Nickname % Correct
Zinedine ZidaneZizou
59.8%
Ryan GiggsWelsh Wizard
27.5%
Oleg LuzhniHorse
21%
Tony AdamsDonkey
19.5%
Franck RibéryScarface
19%
Javier SaviolaConejito
12.3%
Ruud van NistelrooyVan Gol
12.3%
Michael EssienBison
8.2%
Lev YashinBlack Spider
8%
Julio CruzGardener
5.3%
Player Nickname % Correct
Alfredo di StefanoBlonde Arrow
5.1%
RomarioBaixinho
2.4%
Ruud GullitBlack Tulip
1.7%
Marco van BastenSan Marco
1.7%
Luc NilisLucky Luc
1.2%
Guus HiddinkAussie Guus
1%
Nigel WinterburnNutty
0.7%
Wim JonkNail
0.7%
Gennaro GattusoBraveheart
0.5%
Jan KollerTall one
0.5%

You're not logged in!

Compare scores with friends on all Sporcle quizzes.
Join for Free
OR
Log In

You Might Also Like...

Show Comments

Extras

Top Quizzes Today


Score Distribution

Your Account Isn't Verified!

In order to create a playlist on Sporcle, you need to verify the email address you used during registration. Go to your Sporcle Settings to finish the process.

Report this User

Report this user for behavior that violates our Community Guidelines.

Details: